| 000 | 01414nab a22002417a 4500 | ||
|---|---|---|---|
| 999 |
_c6417 _d6417 |
||
| 003 | OSt | ||
| 005 | 20260202132039.0 | ||
| 008 | 190429b xxu||||| |||| 00| 0 spa d | ||
| 040 | _cPJ | ||
| 100 |
_aArrieta Cano, Franco _97051 |
||
| 245 | 1 | 0 |
_aExención de prisión y habeas corpus: una problemática en el trámite judicial / _cFranco Arrieta Cano. |
| 260 |
_cCiudad Autónoma de Buenos Aires : _aThomson Reuters La Ley, _b2023. |
||
| 300 | _ap. 149-158 | ||
| 500 | _aCita Online: AR/DOC/2130/2023. | ||
| 505 | _aSumario: I. Palabras iniciales.— II. Habeas corpus y algunas de sus características.— III. Habeas corpus preventivo.— IV. La exención de prisión.— V. Algunas similitudes entre ambos institutos procesales.— VI. El problema de la presentación del habeas corpus preventivo con propósito de lograr una eximición de prisión.— VII. El foco de análisis.— VIII. La verdadera finalidad de este trámite.— IX. Posible solución al problema planteado. | ||
| 505 | _tSi te interesa el texto completo, solicitalo a koha@justierradelfuego.gov.ar | ||
| 650 | 0 |
_9343 _aDERECHO PENAL |
|
| 650 | 0 |
_92348 _aPROCESO PENAL |
|
| 650 | 0 |
_93095 _aEXIMICIÓN DE PRISIÓN |
|
| 650 | 0 |
_92082 _aHÁBEAS CORPUS |
|
| 773 | 0 |
_02658 _93164 _tRevista de derecho penal y criminología. Nº 9 - Octubre 2023 _dCiudad Autónoma de Buenos Aires : Thomson Reuters La Ley, 2017- _x00347914 |
|
| 942 |
_2udc _cANA |
||